LEADER 01210nam a2200253 i 4500 001 000000131058 003 CaOOAMICUS 005 20070313000000.0 008 070313s1980 it u000 u ita u 013 $a103913 040 $aSeMil$bita 245 10$aPapa Wojtyla :$bimmagini del cuore /$c[Fotografie di Mauro Galligani, Giorgio Lotti, Vittoriano Rastelli]. 260 $a[Milano] :$bSelezione d'Immagini,$cstampa 1980. 300 $a1 raccoglitore (7 fotografie, 1 carta) ;$c28 cm. 500 $aTitolo dalla copertina. - In testa alla copertina : I Grandi Fotografi Italiani ; Speciale per Avvenire. 650 4$aGiovanni Paolo II - Fotografie.$0(OLS)http://semarc/subject/17324 700 1 $aGalligani, Mauro.$0(OLS)http://semarc/name/54176 700 1 $aRastelli, Vittoriano.$0(OLS)http://semarc/name/54178 700 1 $aLotti, Giorgio.$0(OLS)http://semarc/name/54177 850 $aSeMil 852 $aSeMil$W1$xVenegono$y1$m5T X 6$j85053$B85053$CSeMilBibl$Z2$F121584 $8I 961 $aOmaggio: Altro 996 $6245$aPapa Wojtyla :$bimmagini del cuore$9(OLS)http://semarc/title/192916 996 $6260$a[Milano] :$bSelezione d'Immagini$9(OLS)http://semarc/publisher/44281 LEADER 01020nam a2200253 i 4500 001 000000243568 003 CaOOAMICUS 005 20150710000000.0 008 150710s1973 it u000 u ita u 013 $a222473 040 $aSeMil$bita 100 1 $aSinigaglia, Roberto.$0(OLS)http://semarc/name/82210 245 10$aMjasnikov e la rivoluzione russa /$cRoberto Sinigaglia. 260 $aMilano :$bJaca Book,$cCopyr. 1973. 300 $a202 p. ;$c17 cm. 490 0 $aLe transizioni socialiste e libertarie ;$vN.11 500 $aContiene : [3] Appendici. 650 4$aRivoluzione russa <1917>.$0(OLS)http://semarc/subject/4529 830 3$aLe transizioni socialiste e libertarie ;$vN.11.$0(OLS)http://semarc/title/22181 850 $aSeMil 852 $aSeMil$W1$xVenegono$y1$m3U I 613$j193914$B193914$CSeMilBibl$Z2$F205367 $81 961 $aOmaggio: Altro 996 $6245$aMjasnikov e la rivoluzione russa$9(OLS)http://semarc/title/345410 996 $6260$aMilano :$bJaca Book$9(OLS)http://semarc/publisher/29781